<The> Values, objectives and management styles of managers in Slovenia

Významná úloha manažérov v reštrukturalizácii a transformácii hospodárskej štruktúry v tranzitívnych krajinách. Výsledky dvoch štúdií z rokov 1998 a 2003, týkajúcich sa hodnôt života, práce a štýlov vedenia manažérov v Slovinsku.

Enregistré dans:
Détails bibliographiques
Auteur principal: Kovač, Jure
Autres auteurs: Jesenko, Manca
Format: Chapitre de livre
Langue:anglais
Sujets:
Tags: Ajouter un tag
Pas de tags, Soyez le premier à ajouter un tag!

MARC

LEADER 00000naa$a2200000$$$4500
001 0008667
005 20231102102448.8
041 0 |a eng 
044 |a SK 
245 1 0 |a <The> Values, objectives and management styles of managers in Slovenia  |c aut. Jure Kovač, Manca Jesenko 
520 |a Významná úloha manažérov v reštrukturalizácii a transformácii hospodárskej štruktúry v tranzitívnych krajinách. Výsledky dvoch štúdií z rokov 1998 a 2003, týkajúcich sa hodnôt života, práce a štýlov vedenia manažérov v Slovinsku. 
610 2 0 |a manažéri 
610 2 0 |a štýl vedenia 
610 2 0 |a manažment 
610 2 0 |a osobnosť 
610 2 0 |a Slovinsko 
100 1 |a Kovač, Jure 
700 1 |a Jesenko, Manca